Sydney Geography - Statistics

General Stats
  • This quiz has been taken 15 times
  • The average score is 17 of 22
Answer Stats
Hint Answer % Correct
Plateau to the west of Sydney {Blue} Mountains
100%
Most popular beach Bondi Beach
100%
Most famous bridge in Sydney Harbour Bridge
100%
Sydney is located in this state New South Wales
100%
Sydney's most famous landmark, designed by Jørn Utzon Sydney Opera House
100%
Zoo in the suburb of Mosman {Taronga} Zoo
93%
Sea that Sydney borders Tasman Sea
93%
Bay where James Cook first landed in Australia in 1770 {Botany} Bay
86%
Suburb with the University of Sydney {Camper}down
79%
Theme park in Sydney named for a Coney Island attraction {Luna} Park
79%
Suburb home to Sydney Airport Mascot
79%
Park near Homebush Bay that was built for a major 2000 event {Olympic} Park
79%
Alternative name of Sydney Airport Kingsford {Smith}
71%
Hawkesbury and Georges are... Rivers
71%
Harbour to the west of Sydney CBD {Darling} Harbour
64%
Bay that comprises Sydney Harbour Port {Jackson}
64%
World's second-oldest national park Royal
64%
Island that had a major shipyard {Cockatoo} Island
57%
Precinct where the Sydney Swans AFL team are based {Moore} Park
57%
Suburb with the University of NSW Kensington
50%
Tallest building, completed in 2020 to "dethrone" Chifley Tower {Crown} Sydney
43%
...and more specifically in this county Cumberland
21%
No matching quizzes found
Score Distribution
Percent of People with Each Score
Percentile by Number Answered
Your Score History
You have not taken this quiz